000 00970nam a22002657a 4500
999 _c17152
_d17152
003 AR-CdUCM
008 190507b ||||| |||| 00| 0 spa d
040 _aMUNICIPALIDAD PROVINCIAL DEL CUSCO
_cBIBLIOTECA MUNICIPAL DEL CUSCO
082 _a498.511 /
_bR78
100 _aRojas, Ibico
_937010
245 _aOrigen y expansión del quechua /
260 _aLima :
_bPromociones Gráficas Imagen,
_c1989.
300 _a183 páginas ;
_bilustraciones, láminas,
_c21 cm.
440 _aColección Cultura Andina.
_937011
505 _aContenido: Expansión del Quechua -- El Quechua en la historia y la geografía lingüística Argentina.
650 _aMultilingüismo
_915919
650 _aSociolingüística
_910901
650 _aSociolingüística
_910901
650 _aAspectos sociales.
_9262
650 _aHistoria
_9136
700 _aBravo, Domingo (coautor)
_937012
710 _aCONCYTEC (auspicio)
_924779
942 _2ddc
_cLIBROS
945 _aachl
_d2019-05-07